| 000 | 00000nam##2200000za#4500 |
| 001 | 9.619046 |
| 003 | CaOODSP |
| 005 | 20210615103223 |
| 007 | ta |
| 008 | 150406|2008||||xxc||||| f|0| 0 eng|d |
| 022 | |a0706-6465 |
| 040 | |aCaOODSP|beng |
| 043 | |an-cn--- |
| 086 | 1 |aFs97-13/1205E |
| 110 | 1 |aCanada. |bDepartment of Fisheries and Oceans. |
| 245 | 10|aWest coast of Newfoundland capelin (Mallotus villosus M.) and Atlantic herring (Clupea harengus harengus L.) larval survey, part 5 : |bdescription of the data collected in partnership with the industry (Barry Group) in July 2007 / |c[by] François Grégoire ... [et al.] |
| 260 | |aMont-Joli - Quebec : |bFisheries and Oceans Canada |c2008. |
| 300 | |avi, 31p. : |bfigs., graphs, maps, references, tables ; |c28 cm. |
| 490 | 1 |aCanadian data report of fisheries and aquatic sciences|x0706-6465|vNo. 1205 |
| 500 | |a"Department of Fisheries and Oceans, Science Branch, Maurice Lamontagne Institute, P.O. Box 1000, 850 Route de la Mer, Mont-Joli (Québec), G5H 3Z4." |
| 546 | |a(Résumé en français.) |
| 563 | |aSoftcover |
| 590 | |a08-39|b2008-09-26 |
| 720 | 1 |aGrégoire, François |
| 776 | 0#|tWest coast of Newfoundland capelin (Mallotus villosus M.) and Atlantic herring (Clupea harengus harengus L.) larval survey, part 5 : |w(CaOODSP)9.572833 |
| 830 | #0|aCanadian data report of fisheries and aquatic sciences,|x0706-6465|vNo. 1205|w(CaOODSP)9.514678 |